000 00438nam a2200181Ia 4500
001 15353
005 20260306170150.0
008 260306t2011||||xx |||||||||||||| ||und||
041 _aESP
082 _a532
_bY76
100 _aYoung, Donald F.
_eAUT
245 2 _aA brief introduction to fluid mechanics
260 _c2011
300 _avarias paginaciones :
_c25 cm.
650 _aGEN
654 _aCCN
942 _cLIB
_dJUS
_fJUS
_2ddc
_n
999 _c15353
_d15353